Statistics for Elements by 2 Most Abundance Isotopes

Click here to take the quiz!

General Stats

  • This quiz has been taken 172 times
  • The average score is 9 of 20

Answer Stats

Most Abundance2nd Most AbundanceElement% Correct
X-16X-18Oxygen
94%
X-4X-3Helium
80%
X-12X-13Carbon
78%
X-238X-235Uranium
69%
X-14X-15Nitrogen
68%
X-35X-37Chlorine
53%
X-24X-26Magnesium
48%
X-56X-54Iron
47%
X-40X-44Calcium
46%
X-39X-41Potassium
46%
X-32X-34Sulphur
45%
X-28X-29Silicon
40%
X-40X-36Argon
39%
X-208X-206Lead
34%
X-63X-65Copper
33%
X-64X-66Zinc
32%
X-107X-109Silver
29%
X-202X-200Mercury
27%
X-132X-129Xenon
20%
X-138X-137Barium
18%

Score Distribution

Percentile by Number Answered

Percent of People with Each Score

Your Score History

You have not taken this quiz